Presidents of Afghanistan Quiz - Statistics

General Stats
  • This quiz has been taken 49 times
  • The average score is 4 of 12
Answer Stats
Years President % Correct
2001–2014 Hamid Karzai
94%
2014–2021 Ashraf Ghani
83%
1987–1992 Mohammad Najibullah
51%
1973–1978 Mohammed Daoud Khan
43%
1979 Hafizullah Amin
37%
1978–1979 Nur Muhammad Taraki
31%
1979–1986 Babrak Karmal
29%
1992–2001 Burhanuddin Rabbani
26%
1992 Sibghatullah Mojaddedi
14%
1992 Abdul Rahim Hatif
11%
1978 Abdul Qadir
9%
1986–1987 Mohammad Chamkani
9%
No matching quizzes found
Score Distribution
Percent of People with Each Score
Percentile by Number Answered
Your Score History
You have not taken this quiz